000 00651cam a2200229 4500
001 BD-DhSAU 6738
003 BD-DhSAU
005 20150513122337.0
008 721103r19721965nyua rb 001 0 eng
040 _aBD-DhSAU
082 0 0 _a595.7
_222
_bJAI
100 1 _aJacobson, Martin,
_d1919-
245 1 0 _aInsect sex pheromones /
_cMartin Jacobson.
260 _aNew York :
_bAcademic Press,
_cc1972.
300 _axii, 382 p. :
_bill. ;
_c24 cm.
504 _aIncludes bibliographical references and index.
590 _ajoy
650 0 _aInsects
_xPhysiology.
650 0 _aPheromones.
650 0 _aInsect sex attractants.
650 0 _aEntomology.
942 _2ddc
_cBOOK
999 _c6738
_d6738